00320 a2200109 450000500170000002000180001708200150003510000180005024500280006826000400009630000740013620250414154556.0 a0-13-170290-4 a658.87 BOL aBOLEN, W. H.  aContemporary Retailing  aEnglewood,bPrentice-Hall, c1978.  axiv, 525p., ill., table, figure, picture, bGlossary, index, c24cm.